000 01846nam1a22003131i 4500
001 rc\4922226
005 20260407074522.0
035 _a(NLR Aleph) 008941690
090 _a8949788
_c8949788
100 _a20130426d1957 |||y0rusy50 ca
101 0 _arus
102 _aRU
105 _a z |||||
200 1 _aЭкономическое положение России накануне Великой Октябрьской социалистической революции. Март-октябрь 1917 г.
_eДокументы и материалы
_eЧ. 1-2
_fАкад. наук СССР. Ин-т истории. Гл. архивное упр. Центр. гос. ист. архив СССР в Ленинграде
210 _aМосква
_aЛенинград
_cИзд-во Акад. наук СССР
_d1957
215 _a2 т.
_d26
300 _aНа обороте тит. л. сост.: ч. 1 - П.В. Волобуев, Р.Ш. Ганелин, В.А. Емец и др.; ч. 2 - А.М. Анфимов, П.В. Волобуев, Р.Ш. Ганелин и др.
606 _aЭкономика
_yРоссия
_z20 в.
_jДокументы и материалы
_2psbo
606 _aВеликая Октябрьская социалистическая революция
_jДокументы и материалы
_2psbo
607 _aРоссия
_xЭкономическая история
_z20 в.
_jДокументы и материалы
_2psbo
702 1 _aГанелин
_bР.Ш.
_4220
702 1 _aЕмец
_bВ.А.
_4220
702 1 _aВолобуев
_bП.В.
_gПавел Васильевич
_4220
702 1 _aАнфимов
_bА.М.
_4220
712 0 2 _aИнститут истории
_cМосква
_3RU\NLR\AUTH\883377
_9277995
801 0 _aRU
_bNLR
_gpsbo
801 1 _aRU
_bELAR
_2rusmarc
852 _aNLR
_j57-7/2018
942 _cBOOK